Stany USA - 20 minut - Statystyki

Ogólne statystyki
  • Ten quiz został rozwiązany 44 090 razy
  • Średni wynik to 39 z 50
Odpowiedzi na mapie
Odpowiedzi zakodowano w zielono-czerwonej skali na mapie do tego quizu, zgodnie z poniższymi procentami.
 
Statystyki odpowiedzi
Stan % Poprawnych
Alaska
97%
Kalifornia
96%
Nowy Jork
95%
Teksas
95%
Floryda
94%
Waszyngton
94%
Hawaje
92%
Alabama
90%
Arizona
89%
Karolina Północna
87%
Karolina Południowa
87%
Nowy Meksyk
87%
Ohio
87%
Nevada
86%
Dakota Północna
85%
Dakota Południowa
84%
Kolorado
81%
Mississippi
81%
Georgia
80%
Idaho
79%
Kentucky
79%
Arkansas
78%
Pennsylwania
78%
Wirginia
78%
Montana
77%
New Jersey
77%
Illinois
76%
Luizjana
76%
Oklahoma
76%
Utah
76%
Kansas
75%
Nebraska
75%
Oregon
75%
Indiana
74%
Missouri
73%
Michigan
72%
Wyoming
71%
Wirginia Zachodnia
70%
Maine
69%
Minnesota
69%
Tennessee
69%
Iowa
68%
Connecticut
67%
Massachusetts
67%
Rhode Island
67%
Maryland
66%
Wisconsin
66%
Delaware
65%
New Hampshire
65%
Vermont
62%
Nie znaleziono quizów pasujących do podanych kryteriów
Rozkład punktacji
Procent ludzi z każdym wynikiem
Percentyl według liczby udzielonych odpowiedzi
Twoja historia wyników
Nie rozwiązałeś tego quizu